|
|
|
|
| LEADER |
00686 a2200205 4500 |
| 008 |
081020t xxu||||| |||| 00| 0 eng d |
| 020 |
|
|
|a 0 07 066913 9
|
| 082 |
|
|
|a 519.11 LIU
|
| 100 |
|
|
|a Liu, C L
|9 20
|
| 245 |
|
|
|a Elements of Discrete Mathematics
|b a computer oriented approach / 3rd ed.
|
| 250 |
|
|
|a 3rd ed.
|
| 260 |
|
|
|a New Delhi:
|b Tata McGraw Hill,
|c c2008.
|
| 300 |
|
|
|a 547p.
|
| 500 |
|
|
|a includes index
|
| 650 |
|
|
|a Discrete mathematics
|9 21
|
| 700 |
|
|
|a Liu, C L
|9 22
|
| 700 |
|
|
|a Mohapatra, D P
|9 23
|
| 942 |
|
|
|2 ddc
|c BK
|6 _
|
| 999 |
|
|
|c 84157
|d 84157
|
| 952 |
|
|
|0 0
|1 0
|2 ddc
|4 0
|6 51911_LIU
|7 0
|9 104332
|a DCA
|b DCA
|d 2008-10-20
|l 4
|o 519.11 LIU
|p CA004704
|r 2015-07-14
|s 2015-07-14
|w 2008-10-20
|y BK
|